Villes de la Coupe du monde - Mort subite - Statistiques

Statistiques générales
  • Ce quiz a été pris 249 fois
    176 depuis la dernière actualisation
  • Le résultat moyen est 8 sur 42
Answers on the Grid
Answers color-coded by a green-red scale on the quiz's grid according to % correct below.
Montevideo
Milan
Rome
Turin
Naples
Venise
Nice
Rennes
Paris
Marseille
Lyon
Bordeaux
Rio de Janeiro
Brasilia
São Paulo
Manaus
Bâle
Zurich
Lucerne
Göteborg
Malmö
Santiago
Londres
Liverpool
Manchester
Birmingham
Leeds
Glasgow
Bristol
Mexico
Guadalajara
Munich
Hambourg
Dortmund
Essen
Buenos Aires
Córdoba
Santa Fe
Madrid
Barcelone
Séville
Murcie
Chicago
Dallas
Seattle
Philadelphie
Séoul
Yokohama
Tokyo
Johannesbourg
Le Cap
Durban
Moscou
Saint-Pétersbourg
Novossibirsk
Lusail
Bogota
Caracas
Le Caire
Kinshasa
Sydney
Auckland
Jakarta
Pékin
New Delhi
Téhéran
Istanbul
Manille
Lisbonne
Dublin
Amsterdam
Bruxelles
Varsovie
Prague
Athènes
Bucarest
Vienne
Budapest
Sofia
Belgrade
 
Statistiques - réponses
Réponse % Correct
Moscou
38%
Rio de Janeiro
37%
Londres
35%
Paris
34%
Marseille
32%
Munich
30%
Dortmund
28%
Lyon
28%
Turin
28%
Rome
27%
Johannesbourg
25%
Mexico
24%
Liverpool
23%
Madrid
23%
Milan
23%
Saint-Pétersbourg
23%
Séoul
23%
Barcelone
22%
Hambourg
22%
Manchester
22%
Naples
22%
Séville
22%
São Paulo
20%
Buenos Aires
19%
Le Cap
19%
Bordeaux
16%
Brasilia
15%
Montevideo
13%
Lusail
11%
Göteborg
10%
Malmö
10%
Zurich
9%
Birmingham
8%
Guadalajara
8%
Santiago
8%
Yokohama
8%
Chicago
6%
Dallas
6%
Manaus
6%
Durban
5%
Bâle
4%
Córdoba
3%
Aucun quiz correspondant
Distribution des résultats
% des personnes avec chaque résultat
Percentile par nombre de réponses
Votre historique - résultats
Vous n’avez pas pris ce quiz depuis la dernière actualisation